00636nam a22002057a 450000500170000001000320001702000260004903500130007503500170008803700130010503700230011808200140014110000190015524500830017426000450025727000640030230000230036650000190038970000220040820100921151911.0 aENG-101499 B-423642-646 a9788124115466c495.00 aEN-85032 aB-423642-646 bDBAD/PUB bAllied Publishers  a343.730991 aDevesh Kishore10aMedia law :cby Devesh Kishore [and] Ganga Sagar Singhbits ethics and ethos / aNew Delhi bHar-Anand Publicationsc2010 aE-49/3, Okhla Industrial Area, Phase-IIbNew Delhi e110020 a268 p. c25cm (Hb) aIncludes index aGanga Sagar Singh